| Tag |
First Indicator |
Second Indicator |
Subfields |
| LEADER |
00000cam a2200000 a 4500 |
| 001 |
in00000020966 |
| 005 |
20151007055536.0 |
| 008 |
880826r18711864ctuabc b 00110 eng a |
| 035 |
|
|
|a (OCoLC)18409904
|
| 035 |
|
|
|9 AAB8535AM
|
| 040 |
|
|
|a TXA
|c TXA
|d UtOrBLW
|
| 049 |
|
|
|a TXAS [rare]
|
| 050 |
|
4 |
|a E468
|b .G78 1871
|
| 100 |
1 |
|
|a Greeley, Horace,
|d 1811-1872.
|
| 245 |
1 |
4 |
|a The American conflict :
|b a history of the great rebellion in the United States of America, 1860-'65 : its causes, incidents, and results : intended to exhibit especially its moral and political phases, with the drift and progress of American opinion respecting human slavery, from 1776 to the close of the war for the Union /
|c by Horace Greeley.
|
| 264 |
|
1 |
|a Hartford, Conn. :
|b O.D. Case,
|c 1871.
|
| 300 |
|
|
|a 2 volumes :
|b illustrations, maps., portraits ;
|c 25 cm.
|
| 336 |
|
|
|a text
|b txt
|2 rdacontent
|
| 337 |
|
|
|a unmediated
|b n
|2 rdamedia
|
| 338 |
|
|
|a volume
|b nc
|2 rdacarrier
|
| 500 |
|
|
|a First published 1864-1866.
|
| 504 |
|
|
|a Includes bibliographical references.
|
| 651 |
|
0 |
|a United States
|x History
|y Civil War, 1861-1865.
|
| 651 |
|
0 |
|a United States
|x Politics and government
|y 1861-1865.
|
| 650 |
|
0 |
|a Slavery
|z United States.
|
| 999 |
|
|
|a MARS
|
| 999 |
f |
f |
|s 1b1616a9-9764-37eb-828c-edf6b964478d
|i 91e022f2-e56f-399d-9ebb-3952a8997785
|t 0
|
| 952 |
f |
f |
|p noncirc
|a Texas A&M University
|b College Station
|c Cushing Memorial Library & Archives
|d Cushing: Rare Books (Does not check out)
|t 0
|e E468 .G78 1871
|h Library of Congress classification
|i unmediated -- volume
|
| 998 |
f |
f |
|a E468 .G78 1871
|s v.1-v.2
|t 0
|l Cushing: Rare Books (Does not check out)
|